00401 2200169 4500001002100000005001500021008004100036035001900077041000700096082001000103090001600113100001500129245002600144260003100170300002000201650001000221INLIS00000000002023520241224115842241224||||||||| | ||| |||| || |  0010-1224020235 aid0 a745.5 a745.5 SET b0 aA.SETIAWAN00aBerkarya dengan Kulit aBandungbAcara Media Utama a47hlm;17,6x25cm 0afiksi